000 00236nam a22000857a 4500
008 161207b xxu||||| |||| 00| 0 eng d
100 _91889
_aSharma,R.K.etal
245 _aABC of Science and Technology-8
260 _aNew Delhi
_bHoly Faith
_c2008
999 _c4646
_d4646